Yö: Kuunnelluimmat kappaleet - Statistics

Yleistilastot
  • Tätä visaa on pelattu 91 kertaa
  • Keskiarvotulos 7 / 20
Vastaustilastot
Määrä Kappale % Oikein
8 400 000 Rakkaus on lumivalkoinen
93%
6 000 000 Joutsenlaulu
92%
4 800 000 Tia-maria
59%
9 000 000 Vie mut minne vaan
55%
4 000 000 Ihmisen poika
54%
3 800 000 Pettävällä jäällä
50%
5 300 000 Laulu rakkaudelle
42%
2 000 000 Kiitos ja kunnia
38%
4 600 000 Minne tuulet vie
32%
1 600 000 Särkyvää
29%
2 250 000 Niin paljon me teihin luotettiin
22%
2 400 000 Parrasvalot
21%
2 900 000 Tie sydämeeni
20%
5 800 000 Mitä jos mä rakastan sua
17%
900 000 Sano että jäät
11%
2 200 000 Toinen elämä
7%
1 400 000 Onnellisia vuosia
5%
1 200 000 Erakko
4%
1 100 000 Puolet taivaasta puolet helvetistä
4%
1 050 000 Vain yksi sydän särjettäväksi
3%
Ehtoja vastaavia visoja ei löytynyt
Tulosjakauma
Jokaisen tuloksen saaneiden osuus
Persentiili vastausten määrän mukaan
Tuloshistoriasi
Et ole pelannut tätä visaa